| 000 | 01647cam a22003977a 4500 | ||
|---|---|---|---|
| 003 | CHAP | ||
| 005 | 20220329140948.0 | ||
| 008 | 971013s1996 r 00010 d | ||
| 010 | _a60513 | ||
| 011 | _a61485 | ||
| 035 | _a65651 | ||
| 040 | _cCHAP | ||
| 082 |
_a338.972 I59 1995 _bJal. |
||
| 110 |
_aInstituto Nacional de Estadística, Geografía e Informática. México _959304 |
||
| 245 | 0 |
_aCuaderno estadístico municipal _b: Jalisco |
|
| 260 |
_aAguascalientes, Ags. : _bINEGI, _c1996 |
||
| 300 | _av. | ||
| 500 | _aLa biblioteca tiene : v.1 Ciudad Guzmán.--v.2 Puerto Vallarta | ||
| 590 |
_aBATCH-UPD _b10 _c20130110 _lUCH01 _h0030 |
||
| 590 |
_aBATCH-UPD _b10 _c20130110 _lUCH01 _h2023 |
||
| 590 |
_aBATCH-UPD _b10 _c20130409 _lUCH01 _h2012 |
||
| 590 |
_aBATCH-UPD _b10 _c20130410 _lUCH01 _h1341 |
||
| 590 |
_aBATCH-UPD _b10 _c20130914 _lUCH01 _h1500 |
||
| 590 |
_aCONVERSION _b10 _c20130109 _lUCH01 _h1332 |
||
| 650 | 1 | 4 |
_aAgricultura _xEstadisticas _zJalisco. _91455 |
| 650 | 1 | 4 |
_aGanadería _xEstadísticas _zJalisco. _944714 |
| 650 | 1 | 4 |
_aJalisco _xCondiciones económicas. _960958 |
| 650 | 1 | 4 |
_aJalisco _xCondiciones sociales. _960960 |
| 650 | 1 | 4 |
_aJalisco _xEstadísticas. _960966 |
| 901 | _aBK | ||
| 942 | _cLIBRO | ||
| 949 |
_a338.972 I59 1995 Jal. _bBC _cINEGI _d33724000619789 _eINEGI _fv.2 c.2 _h90985 _i65651 _si _t26.00 |
||
| 949 |
_a338.972 I59 1995 Jal. _bBC _cINEGI _d33724000619797 _eINEGI _fv.1 c.2 _h90986 _i65651 _si _t26.00 |
||
| 949 |
_a338.972 I59 1995 Jal. _bBC _cINEGI _d33724000655833 _eINEGI _fv.2 _gI. c/e _h90692 _i65651 _si _t26.00 |
||
| 949 |
_a338.972 I59 1995 Jal. _bBC _cINEGI _d33724000655841 _eINEGI _fv.1 _gI. c/e _h90692 _i65651 _si _t26.00 |
||
| 999 |
_c60513 _d60513 |
||